LDR 00570naa#a2200193#i#450# 001 EN\\bibl\92102 005 20260606060701.6 011 ## _a3034-4689 100 ## _a20241125b2024####ek#y0engy0150####ca 102 ## _aRU 200 1# _aCONSTRUCTION AND STUDY OF A NEURO-FUZZY MODEL FOR DIAGNOSIS OF DIABETES MELLITUS _eJournal article 210 1# _aKazan _cKazan National Research Technological University _d2024 215 ## _a5 с. 608 ## _aJournal article _2local 700 #1 _a _g 700 #1 _aKataseva _gD V 700 #1 _aValieva _gD Z 700 #1 _aDektyarev _gG L 856 4# _avestniktu.ru _u